000 00561cam a2200181 a 4500
001 000018104
005 20200929165345.0
008 750509s1974 xxc 000 d fre d
020 _a0776006002
040 _aDO-SdBNP
_bfre
_cLC
_dBNPHU
082 _a843.54
_bB635f
100 1 _aBlais, Marie Claire.
_d1939-
_939243
245 1 0 _aFièvre, et autres textes dramatiques :
_bthéatre radiophonique /
_cMarie-Claire Blais.
260 _aOttawa :
_bEditions du Jour,
_c1974.
300 _a228 p. ;
_c20 cm.
910 _aCatalogación por copia / LC
049 _aBNGR
999 _c17626
_d17626